00582nam a2200193Ia 4500003000400000005001700004008004100021040000700062041000800069082001000077100002800087245004400115260004000159300000900199650002200208942001300230999001900243952012600262OSt20260316143307.0250729s2017 xx 000 0 und d cAL akan a370 Y aDr.S.B.Yadawada9230200 aPragathi sheela bharathadalli shikshana aGadagabVidyanidhi Prakashanac2017 a586p aEducation9230201 2ddccBED c238663d238663 00104070aALbALd2025-07-29eManagement Booksg350.00l0o370 YpBED03982r2025-07-29 16:56:54v350.00w2025-07-29yBK